00283nam a2200109Ia 4500008004100000100002200041245003000063260000900093300003400102440002400136650001300160180117s9999 xx 000 0 und d aby Wanggo Gallaga aWords and Moving Pictures c2017 a22-24 pages, 2017 November 12 aPhilippine Panorama aPICTURES